000
00337nam a22001577a 4500
003
SGT
082
_a
291.43
_b
R03W
100
_a
WALTERS,J.DONALD
245
_a
RAJA YOGA
250
_a
1ST
260
_a
DELHI
_b
MOTILAL BANARSIDAS PUB
_c
2003
300
_a
471
650
_a
YOGA
653
_a
RAJA, YOGA, MEDITATION
942
_2
ddc
_c
RARE
999
_c
24159
_d
24159